Perturbation methods

Contents: straightforward expansions and sources of nonuniformity; the method of multiple scales; asympotic solutions of linear equations.

Enregistré dans:
Détails bibliographiques
Auteur principal: Nayfeh, Ali Hasan
Format: Livre
Langue:Undetermined
Publié: New Jersey John Wiley & Sons 1973
Sujets:
Tags: Ajouter un tag
Pas de tags, Soyez le premier à ajouter un tag!
Thư viện lưu trữ: Trung tâm Học liệu Trường Đại học Cần Thơ
LEADER 00788nam a2200193Ia 4500
001 CTU_220418
008 210402s9999 xx 000 0 und d
082 |a 515.35 
082 |b N331 
100 |a Nayfeh, Ali Hasan 
245 0 |a Perturbation methods 
245 0 |c Ali Hansan Nayfeh. 
260 |a New Jersey 
260 |b John Wiley & Sons 
260 |c 1973 
520 |a Contents: straightforward expansions and sources of nonuniformity; the method of multiple scales; asympotic solutions of linear equations. 
650 |a Perturbation (Mathematics),Mở rộng tiệm cận,Sự nhiễu loạn (toán học),Differential equations,Phương trình vi phân,Asymptotic expansions. 
904 |i Tuyến 
980 |a Trung tâm Học liệu Trường Đại học Cần Thơ